[Event "TAS-II-r1-j14"]
[Site "http://www.queenalice.com/game.php?id=153267"]
[Date "2007.1.12"]
[Round "-"]
[White "mhemzo"]
[Black "PauloSantoro"]
[Result "1-0"]
[WhiteElo "1127"]
[BlackElo "2003"]

1. c4 c5 2. Nc3 Nc6 3. Nf3 e5 4. g3 g6 5. Bg2 Bg7 6. O-O Nge7 7. d3 d6 8. Bd2
O-O 9. a3 b6 10. Rb1 Bb7 11. b4 Nd4 12. e3 Ne6 13. Qc2 d5 14. cxd5 Nxd5 15. Rfc1
cxb4 16. Nxd5 Bxd5 17. Bxb4 Re8 18. h4 a5 19. Bd2 Nc5 20. e4 Bb7 21. Be3 Nxd3
22. Rd1 Bxe4 23. Ng5 Rc8 24. Qb3 Bf5 25. Qxf7+ Kh8 26. Qb3 Re7 27. Nf7+ Rxf7 28.
Qxf7 Qf6 29. Qxf6 Bxf6 30. Rxb6 Be7 31. g4 Bxg4 32. Rxd3 Bxh4 33. Rd5 Bd8 34.
Rb7 Bc7 35. Bg5 Bf5 36. Bf6+ 1-0

[Event "TAS-II-r1-j15"]
[Site "http://www.queenalice.com/game.php?id=153271"]
[Date "2007.1.12"]
[Round "-"]
[White "Pato"]
[Black "mhemzo"]
[Result "1/2-1/2"]
[WhiteElo "2051"]
[BlackElo "1087"]

1. e4 c5 2. b4 cxb4 3. a3 Qa5 4. Nf3 d6 5. Bb2 Nc6 6. Bc4 Nf6 7. O-O Nxe4 8. Re1
d5 9. axb4 Qxb4 10. Bb3 Bg4 11. Nc3 Nxc3 12. dxc3 Qf4 13. Bxd5 O-O-O 14. Bc1 Qf6
15. Rb1 Qd6 16. Bxc6 Qxc6 17. Qe2 Bxf3 18. gxf3 e6 19. Be3 Bc5 20. Rb5 Bxe3 21.
fxe3 Qxc3 22. Rb3 Qc6 23. Reb1 Rd7 24. e4 Rhd8 25. Qe3 Rd1+ 26. Rxd1 Rxd1+ 27.
Kg2 Qxc2+ 28. Kh3 Kb8 29. Rc3 Qd2 30. Qc5 Qd8 31. Qe5+ Qd6 32. Qxg7 a5 33. Qxf7
Rd2 34. Qg8+ Ka7 35. Qg1+ b6 36. Rc8 e5 37. Qg7+ Qd7+ 38. Qxd7+ Rxd7 39. Re8 a4
40. Rxe5 a3 41. Rg5 a2 42. Rg1 Rd2 43. e5 Kb7 44. f4 b5 45. f5 Kc7 46. f6 Kd7
47. Rf1 Ke8 48. e6 Rd3+ 49. Kg4 Re3 50. e7 Re4+ 51. Kf5 Re2 52. Rg1 b4 53. Rg8+
Kd7 54. Rd8+ Kc7 55. Ra8 b3 56. f7 b2 57. Rc8+ Kxc8 58. e8=Q+ Kc7 59. Qb8+ Kxb8
60. f8=Q+ Kc7 61. Qf7+ Kd6 62. Qxa2 Rxh2 63. Kf4 h5 64. Kg3 Re2 65. Kf3 Rh2 66.
Kg3 Re2 67. Qb1 Kc5 68. Qd3 Kb4 69. Qxe2 1/2-1/2

[Event "TAS-II-r2-j5"]
[Site "http://www.queenalice.com/game.php?id=153272"]
[Date "2007.1.12"]
[Round "-"]
[White "Bruscato"]
[Black "mhemzo"]
[Result "1/2-1/2"]
[WhiteElo "2078"]
[BlackElo "1141"]

1. e4 c5 2. Nf3 d6 3. d4 cxd4 4. Nxd4 g6 5. Nc3 Nf6 6. f4 Nc6 7. Nxc6 bxc6 8. e5
Ng4 9. Be2 Nh6 10. O-O Qb6+ 11. Kh1 dxe5 12. fxe5 Bg7 13. Na4 Qa5 14. Bd2 Qd8
15. Bxh6 Qxd1 16. Raxd1 Bxh6 17. Bf3 O-O 18. Bxc6 Rb8 19. c4 Bf5 20. b3 Rfd8 21.
Nc3 Bg7 22. Rxd8+ Rxd8 23. Nd5 Kf8 24. Re1 e6 25. Nf6 h5 26. h3 Rd2 27. c5 Ke7
28. g4 hxg4 29. hxg4 Bd3 30. g5 Kd8 31. b4 Kc7 32. Be8 Kd8 33. Bxf7 Ke7 34. Be8
Bxf6 35. exf6+ Kxe8 36. Rxe6+ Kf8 37. a4 Ra2 38. a5 Rb2 39. Re7 Rxb4 40. Rxa7
Rb5 41. Rc7 Rxa5 42. Rc8+ Kf7 43. Rc7+ Kf8 44. Kg2 Bf5 45. Kg3 Ra4 46. Kf3 Rg4
47. Rg7 Rxg5 48. Kf4 Rg4+ 49. Ke5 Rc4 50. Kd5 Rc1 51. c6 Rd1+ 52. Kc5 Rc1+ 53.
Kd6 Rd1+ 54. Kc5 Rc1+ 1/2-1/2

[Event "TAS-II-r3-j14"]
[Site "http://www.queenalice.com/game.php?id=153277"]
[Date "2007.1.12"]
[Round "-"]
[White "mhemzo"]
[Black "XCchessf"]
[Result "1-0"]
[WhiteElo "1087"]
[BlackElo "1251"]

1. c4 g6 2. d4 Nf6 3. Nc3 d6 4. e4 Bg7 5. Nf3 O-O 6. Be2 c5 7. O-O cxd4 8. Nxd4
Qb6 9. Be3 Qc7 10. Qc2 Nc6 11. Nd5 Qd7 12. Rad1 a5 13. Nb6 Qd8 14. Nxa8 Bd7 15.
Nxc6 Bxc6 16. Nb6 1-0

[Event "TAS-II-r5-j14"]
[Site "http://www.queenalice.com/game.php?id=157840"]
[Date "2007.1.23"]
[Round "-"]
[White "mhemzo"]
[Black "CCapivara"]
[Result "1-0"]
[WhiteElo "1127"]
[BlackElo "1966"]

1. c4 e5 2. Nc3 d6 3. Nf3 f5 4. d4 e4 5. Ng5 Nf6 6. Nd5 Be7 7. Nf4 d5 8. Qb3 Nc6
9. cxd5 Na5 10. Qa4+ c6 11. Bd2 b6 12. dxc6 O-O 13. Nge6 Bxe6 14. Nxe6 Qd6 15.
Nxf8 Bxf8 16. Bxa5 bxa5 17. Qc4+ Kh8 18. e3 Rb8 19. b3 Qa3 20. Be2 Bb4+ 21. Kf1
Qb2 22. Qc1 Ba3 23. Qxb2 Bxb2 24. Rd1 Nd5 25. a4 Nc3 26. Rd2 Ba3 27. Bb5 a6 28.
Bc4 Nxa4 29. bxa4 Rb1+ 30. Rd1 Rxd1+ 31. Ke2 Rxh1 32. c7 1-0

[Event "Amigo Secreto I"]
[Site "http://www.queenalice.com/game.php?id=196954"]
[Date "2007.4.14"]
[Round "2"]
[White "Savage_king"]
[Black "mhemzo"]
[Result "0-1"]
[WhiteElo "1909"]
[BlackElo "1141"]

1. d4 Nf6 2. Nf3 g6 3. e3 Bg7 4. c4 O-O 5. Nc3 d5 6. Ne5 c5 7. Bd3 cxd4 8. exd4
Nc6 9. Nxc6 bxc6 10. c5 e5 11. Be3 Ng4 12. Be2 Nxe3 13. fxe3 exd4 14. exd4 Qh4+
0-1

[Event "Amigo Secreto I"]
[Site "http://www.queenalice.com/game.php?id=272671"]
[Date "2007.9.16"]
[Round "3"]
[White "mhemzo"]
[Black "kligw"]
[Result "1/2-1/2"]
[WhiteElo "1141"]
[BlackElo "1970"]

1. e4 e5 2. f4 exf4 3. Nf3 g5 4. h4 g4 5. Ne5 h5 6. d4 d6 7. Nd3 Be7 8. Bxf4
Bxh4+ 9. g3 Bg5 10. Qd2 Be7 11. Nc3 h4 12. Nd5 h3 13. O-O-O Be6 14. Nxe7 Qxe7
15. d5 Bc8 16. e5 Kd8 17. Bg5 f6 18. exf6 Nxf6 19. Nf4 Qg7 20. Bd3 Bd7 21. Rdf1
Kc8 22. Nxh3 Nxd5 23. Nf4 Rxh1 24. Rxh1 Nxf4 25. Qxf4 b6 26. Bf5 Bxf5 27. Qxf5+
Kb7 28. Qxg4 Nc6 29. Qh5 Qg8 30. Kb1 Nb4 31. Qf3+ c6 32. a3 Rf8 33. Bf4 Qa2+ 34.
Kc1 Nd5 35. Rh7+ Ka6 36. Qd3+ b5 37. Qd4 Qa1+ 38. Kd2 Nb6 39. Rxa7+ Kxa7 40.
Qg7+ Ka6 41. Qxf8 Qxb2 42. Bxd6 Qd4+ 43. Ke2 Qe4+ 44. Kd1 Qd4+ 45. Ke2 Qe4+ 46.
Kd1 Qd4+ 1/2-1/2

[Event "TAS-II-r2-j5"]
[Site "http://www.queenalice.com/game.php?id=274177"]
[Date "2007.9.19"]
[Round "-"]
[White "Bruscato"]
[Black "mhemzo"]
[Result "1/2-1/2"]
[WhiteElo "2029"]
[BlackElo "1171"]

1. e4 e5 2. d4 exd4 3. c3 dxc3 4. Bc4 cxb2 5. Bxb2 Bb4+ 6. Kf1 Kf8 7. Nf3 Nc6 8.
a3 Be7 9. Qd5 Qe8 10. Ng5 Nh6 11. Nd2 f6 12. h4 b5 13. Bxb5 fxg5 14. hxg5 Nf7
15. Bxc6 dxc6 16. Qd4 Ba6+ 17. Kg1 Rg8 18. Nf3 h6 19. Rh3 Bxg5 20. Nxg5 Nxg5 21.
Qc5+ Kf7 22. Qf5+ Ke7 23. Qc5+ Kd8 24. Re3 Bb7 25. Rb1 Kc8 26. Be5 Ne6 27. Qc4
g5 28. Rh3 Rg6 29. Rhb3 Rb8 30. Qb4 g4 31. Qc3 Rg5 32. a4 Rh5 33. Bg3 Qd8 34.
Qb2 Nc5 35. Re3 Qe8 36. Qg7 Ne6 37. Qb2 Qf8 38. Rb3 Nc5 39. Rb4 a5 40. Rd4 Rg5
41. Qc3 Ne6 42. Rdd1 Rc5 43. Qd2 Qe8 44. Qe2 h5 45. Bh4 Ra8 46. Qb2 Ba6 47. Qf6
Bc4 48. Qb2 Bb5 49. axb5 cxb5 50. Bg3 Kb7 51. Rd5 c6 52. Rdd1 Kb6 53. Rd6 Rd8
54. Qb3 Rxd6 55. Bxd6 Rg5 56. Ra1 a4 57. Rxa4 Rc5 58. Ra1 Rc4 59. e5 h4 60. Bb4
Qc8 61. Qa2 c5 62. Qa7+ Kc6 63. Bd2 g3 64. fxg3 hxg3 65. Be1 Rg4 66. Ra6+ Kd5
67. Bc3 b4 68. Rd6+ Kc4 69. Qa2+ Kb5 70. Rxe6 Rc4 71. Rb6+ Kxb6 72. Qxc4 bxc3
73. Qxc3 Qg4 74. Qd3 Qf4 75. Qd6+ Kb5 76. Qd7+ Kb4 77. Qb7+ Kc4 78. Qa6+ Kd5
1/2-1/2

[Event "Amigo Secreto I"]
[Site "http://www.queenalice.com/game.php?id=326770"]
[Date "2007.12.27"]
[Round "4"]
[White "Pato"]
[Black "mhemzo"]
[Result "0-1"]
[WhiteElo "1879"]
[BlackElo "1141"]

1. e4 Nf6 2. Bc4 Nxe4 3. Bxf7+ Kxf7 4. Qh5+ Kg8 5. Qd5+ e6 6. Qxe4 d5 7. Qe2 Nc6
8. Nf3 e5 9. Nxe5 Nd4 10. Qd3 Bc5 11. Na3 Qe7 12. f4 Bf5 13. Qc3 Qh4+ 14. g3 Qh5
0-1

[Event "Amigo Secreto I"]
[Site "http://www.queenalice.com/game.php?id=327119"]
[Date "2007.12.28"]
[Round "-"]
[White "mhemzo"]
[Black "Pato"]
[Result "1-0"]
[WhiteElo "1141"]
[BlackElo "1879"]

1. c4 Nf6 2. Nf3 d5 3. cxd5 Nxd5 4. e4 Nb6 5. d4 g6 6. Bf4 Bg7 7. Qc1 O-O 8.
Bxc7 Qe8 9. Nc3 Na6 10. Bxa6 bxa6 11. O-O Bg4 12. Ne5 Bxe5 13. Bxe5 Nc4 14. Bf4
Rc8 15. Bh6 Qc6 16. Bxf8 Kxf8 17. Qh6+ Kg8 18. Nd5 1-0

[Event "Amigo Secreto I"]
[Site "http://www.queenalice.com/game.php?id=381672"]
[Date "2008.4.3"]
[Round "5"]
[White "Bruscato"]
[Black "mhemzo"]
[Result "1/2-1/2"]
[WhiteElo "2235"]
[BlackElo "1185"]

1. e4 c5 2. Nf3 Nc6 3. d4 cxd4 4. Nxd4 Nf6 5. Nc3 e6 6. Be2 Bb4 7. O-O Bxc3 8.
bxc3 Nxe4 9. Qd3 d5 10. Ba3 Ne7 11. c4 O-O 12. Bf3 Re8 13. Rad1 Nf6 14. Rfe1 a6
15. cxd5 exd5 16. c4 Bd7 17. Qb1 dxc4 18. Qxb7 Rb8 19. Qxa6 c3 20. Re5 Ned5 21.
Qd6 Rxe5 22. Qxe5 Qe8 23. Qxe8+ Rxe8 24. h3 Ba4 25. Nb3 Bxb3 26. axb3 1/2-1/2

[Event "Challenge"]
[Site "http://www.queenalice.com/game.php?id=397647"]
[Date "2008.5.3"]
[Round "-"]
[White "mhemzo"]
[Black "Tourinho"]
[Result "1-0"]
[WhiteElo "1199"]
[BlackElo "1471"]

1. e4 e5 2. f4 Nc6 3. Nf3 d6 4. Bb5 f6 5. d4 Bd7 6. O-O a6 7. Bc4 Nge7 8. dxe5
fxe5 9. Ng5 Ng6 10. Bf7+ Ke7 11. fxe5 Ncxe5 12. Ne6 Bxe6 13. Bg5+ 1-0

[Event "Challenge"]
[Site "http://www.queenalice.com/game.php?id=481782"]
[Date "2008.10.23"]
[Round "-"]
[White "mhemzo"]
[Black "Saru"]
[Result "1-0"]
[WhiteElo "1226"]
[BlackElo "1025"]

1. c4 d5 2. cxd5 Qxd5 3. Nc3 Qh5 4. d4 e6 5. Nf3 Bb4 6. e4 Ne7 7. a3 Qa5 8. Bd2
O-O 9. axb4 Qb6 10. Bd3 Ng6 11. O-O Nc6 12. Na4 Qxd4 13. Nxd4 e5 14. Nxc6 bxc6
15. Rc1 Nf4 16. Bxf4 Be6 17. Bxe5 Rae8 18. Bxc7 Rc8 19. Rxc6 Rfe8 20. Ba6 Bd7
21. Qxd7 Rxe4 22. Qxc8+ Re8 23. Qxe8# 1-0

[Event "Challenge"]
[Site "http://www.queenalice.com/game.php?id=574450"]
[Date "2009.4.19"]
[Round "-"]
[White "mhemzo"]
[Black "danihel"]
[Result "1-0"]
[WhiteElo "1248"]
[BlackElo "1627"]

1. c4 e5 2. Nc3 c6 3. Nf3 Qf6 4. d4 exd4 5. Bg5 Qe6 6. Nxd4 Qxc4 7. e4 Qb4 8. a3
Qxb2 9. Na4 Bb4+ 10. axb4 Qxb4+ 11. Qd2 Qxd2+ 12. Kxd2 f6 13. Nb6 fxg5 14. Nxa8
Na6 15. Bxa6 bxa6 16. Nc7+ Kd8 17. Nxa6 Nf6 18. f3 Re8 19. h3 Bb7 20. Nc5 Kc7
21. Rhb1 Re5 22. Nxb7 Nh5 23. Rxa7 Kc8 24. Nd6+ Kd8 25. Nxc6+ dxc6 26. Rb8# 1-0

[Event "Challenge"]
[Site "http://www.queenalice.com/game.php?id=574451"]
[Date "2009.4.19"]
[Round "-"]
[White "danihel"]
[Black "mhemzo"]
[Result "0-1"]
[WhiteElo "1580"]
[BlackElo "1336"]

1. d4 e5 2. dxe5 d6 3. exd6 Bxd6 4. h4 Nc6 5. e4 Nf6 6. Bg5 h6 7. Bxf6 Qxf6 8.
g3 Qxb2 9. Nd2 Bb4 10. Qc1 Bxd2+ 11. Kxd2 Qd4+ 12. Bd3 Qxf2+ 13. Ne2 Nd4 14. Re1
Nf3+ 15. Kc3 Nxe1 16. Qxe1 Qxe1+ 17. Rxe1 Be6 18. a3 O-O-O 19. Nd4 Rhe8 20. Nb5
c6 21. Nd4 Bh3 22. Nb3 Kc7 23. Re2 b5 24. Re3 Kb6 25. Be2 c5 26. g4 Bg2 27. Bd3
c4 28. Nd4 cxd3 29. cxd3 Rd7 30. Nb3 Rc8+ 31. Kb2 Bf1 32. d4 Bc4 33. Nc5 Rxd4
34. Nb3 Rd3 35. Rxd3 Bxd3 36. Nd4 Bxe4 37. Nb3 Rc2+ 38. Ka1 g6 39. Nd4 Rh2 40.
g5 Rxh4 41. Ne2 hxg5 42. Ng3 Bf3 43. Kb2 Rh2+ 44. Kc3 Rh3 45. a4 Rxg3 46. a5+
Kxa5 47. Kb2 Be4 48. Kc1 Rd3 49. Kc2 f5 50. Kb2 f4 51. Kc2 f3 52. Kb2 f2 53. Kc2
f1=Q 54. Kb2 Qe2+ 55. Kc1 Rd1# 0-1

[Event "Challenge"]
[Site "http://www.queenalice.com/game.php?id=586704"]
[Date "2009.5.11"]
[Round "-"]
[White "nekaun"]
[Black "mhemzo"]
[Result "0-1"]
[WhiteElo "1368"]
[BlackElo "1386"]

1. f3 d5 2. d4 c5 3. dxc5 e6 4. Bd2 Bxc5 5. e3 Nf6 6. b4 Bd6 7. Bd3 O-O 8. b5
Qc7 9. Qe2 Bxh2 10. Nh3 Be5 11. Bc3 Bxc3+ 12. Nxc3 Qxc3+ 13. Kf2 Nbd7 14. Rab1
Re8 15. Rb3 Qa5 16. e4 dxe4 17. fxe4 e5 18. Bc4 h6 19. Rd1 Nc5 20. Rb2 Nfxe4+
21. Kf1 Ng3+ 22. Kg1 Nxe2+ 23. Bxe2 Bxh3 24. Rd5 Qe1+ 25. Kh2 Qxe2 26. Kxh3 Qh5+
27. Kg3 Ne4# 0-1

[Event "Challenge"]
[Site "http://www.queenalice.com/game.php?id=596591"]
[Date "2009.6.1"]
[Round "-"]
[White "mhemzo"]
[Black "danihel"]
[Result "1-0"]
[WhiteElo "1362"]
[BlackElo "1554"]

1. b4 a5 2. b5 a4 3. e4 e5 4. Qh5 Qf6 5. Nc3 g6 6. Qf3 Qxf3 7. Nxf3 Bd6 8. Nd5
h6 9. Bb2 f5 10. Nxe5 Rh7 11. exf5 gxf5 12. Nc4 h5 13. Nxd6+ Kd8 14. Nxf5 c6 15.
Nb6 Ra5 16. Nd6 Ne7 17. Nbxc8 Nxc8 18. Nxb7+ Kc7 19. Nxa5 Re7+ 20. Kd1 Nb6 21.
Rb1 cxb5 22. Bxb5 Rf7 23. Be5+ d6 24. Bd4 Nd5 25. Bc4 Rf5 26. Rb7+ Kc8 27. Re1
Nc7 28. Re7 Nd7 29. Bb6 Re5 30. Rxc7+ Kd8 31. Nc6# 1-0

[Event "Challenge"]
[Site "http://www.queenalice.com/game.php?id=596592"]
[Date "2009.6.1"]
[Round "-"]
[White "danihel"]
[Black "mhemzo"]
[Result "0-1"]
[WhiteElo "1608"]
[BlackElo "1308"]

1. e4 f5 2. exf5 Nf6 3. Nf3 d5 4. Bd3 Qd6 5. Nc3 Na6 6. a3 Nc5 7. Nb5 Nxd3+ 8.
cxd3 Qb6 9. Qa4 Bd7 10. Nfd4 c6 11. Qb4 cxb5 12. O-O e5 13. Qb3 Qxd4 14. Re1 Ng4
15. Re2 Nxf2 16. Rxf2 Bc5 17. Qd1 Qxf2+ 18. Kh1 Bxf5 19. h3 Bxd3 20. Qf3 Qg1#
0-1

[Event "Blackmar-Diemer"]
[Site "http://www.queenalice.com/game.php?id=662233"]
[Date "2009.10.3"]
[Round "4"]
[White "mhemzo"]
[Black "arvim"]
[Result "1-0"]
[WhiteElo "1401"]
[BlackElo "2242"]

1. d4 d5 2. e4 dxe4 3. Nc3 Nf6 4. f3 Bf5 5. fxe4 Nxe4 6. Bd3 Nxc3 7. bxc3 Bxd3
8. Qxd3 Qd7 9. Nf3 Qe6+ 10. Be3 g6 11. O-O Bg7 12. Ng5 Qa6 13. Qxa6 Nxa6 14.
Rxf7 Bh6 15. Rf3 Bxg5 16. Bxg5 Rf8 17. Re3 Rf7 18. Rf1 Rxf1+ 19. Kxf1 O-O-O 20.
Rxe7 1-0